Public transportation systems (Record no. 609101)
[ view plain ]
| 000 -LEADER | |
|---|---|
| fixed length control field | 00319nam a22001097a 4500 |
| 040 ## - CATALOGING SOURCE | |
| Transcribing agency | nust |
| 082 ## - DEWEY DECIMAL CLASSIFICATION NUMBER | |
| Classification number | 388.068 |
| Author Mark | DAG |
| 100 ## - MAIN ENTRY--PERSONAL NAME | |
| Personal name | Carlos F. Daganzo |
| 9 (RLIN) | 9145 |
| 245 ## - TITLE STATEMENT | |
| Title | Public transportation systems |
| Remainder of title | Principles of system Design, oprations planing and real-time control |
| 300 ## - PHYSICAL DESCRIPTION | |
| Extent | 493 pages |
| Dimensions | 25cm |
| 942 ## - ADDED ENTRY ELEMENTS (KOHA) | |
| Source of classification or shelving scheme | |
| Koha item type | Book |
| Withdrawn status | Lost status | Source of classification or shelving scheme | Damaged status | Not for loan | Permanent Location | Current Location | Date acquired | Total Checkouts | Full call number | Barcode | Date last seen | Price effective from | Koha item type |
|---|---|---|---|---|---|---|---|---|---|---|---|---|---|
| School of Civil and Environmental Engineering (SCEE) | School of Civil and Environmental Engineering (SCEE) | 05/14/2024 | 388.068 DAG | NIT-13737 | 05/14/2024 | 05/14/2024 | Book |
